000
00317nam a2200133Ia 4500
008
151001s9999||||xx |||||||||||||| ||und||
100
_a
श्यामसुंदर
245
_a
वाडी
250
_a
1
260
_b
वैजमाउली
260
_c
2004
300
_a
16
365
_b
21
999
_c
982428
_d
982425